| 000 | 00854nam a2200205 i 4500 | ||
|---|---|---|---|
| 001 | 46717 | ||
| 003 | ES-MaACL | ||
| 005 | 20230906161432.0 | ||
| 007 | t| | ||
| 008 | 030331s1973 sz ||||1| ger d | ||
| 111 | 2 |
_aCongreso Internacional del Rorschach y de los Métodos Proyectivos ( _n8º. _d1971. _cZaragoza) _9461 |
|
| 245 | 1 | 0 |
_aRorschachiana X _b: VIII Congreso Internacional del Rorschach y de los Métodos Proyectivos / _cAgustín Serrate. |
| 260 |
_aBern : _bHans Huber, _c[1973] |
||
| 300 |
_a445 p. ; _c23 cm. |
||
| 490 | 1 |
_aBeiheft zur Schweizerischen zeitschrift fúr Psychologie und ihre Anwendungen ; _v55 |
|
| 700 | 1 |
_aSerrate Torrente, Agustín. _9105823 |
|
| 830 | 0 |
_aBeiheft zur Schweizerischen zeitschrift fúr Psychologie und ihre Anwendungen ; _v55 _9229990 |
|
| 852 |
_aES-MaACL _jC-55597 _bR.88280 |
||
| 999 |
_c46717 _d46717 |
||